000
00295nam a22001217a 4500
008
160503b xxu||||| |||| 00| 0 eng d
020
_a
9781405104562
020
_a
1405104562
041
_a
eng
080
_a
61
245
_a
Family medicine:
_c
Maetin S. Lipsky Mitchell S. King;
942
_2
udc
_c
BK
999
_c
1742
_d
1742